| 000 | 00349nam a2200133Ia 4500 | ||
|---|---|---|---|
| 008 | 231129s1982||||xx |||||||||||||| ||spa|| | ||
| 040 | _bspa | ||
| 082 | _a346.043 M828d | ||
| 100 | _aMorales Benitez Otto | ||
| 245 | 0 | _aDerecho agrario y otros temas de la tierra | |
| 260 | _c1982 | ||
| 264 | _aUniversidad Externado de Colombia | ||
| 942 |
_2ddc _cBKS |
||
| 999 |
_c8965 _d8965 |
||